|
|
|
|
| LEADER |
01766cas a2200253 a 4500 |
| 001 |
AALejournalIMF003183 |
| 008 |
230101c9999 xx r poo 0 0eng d |
| 020 |
|
|
|c 5.00 USD
|
| 020 |
|
|
|z 9781451927726
|
| 022 |
|
|
|a 1018-5941
|
| 040 |
|
|
|a BD-DhAAL
|c BD-DhAAL
|
| 100 |
1 |
|
|a Ghosh, Atish.
|
| 245 |
1 |
0 |
|a Export Instability and the External Balance in Developing Countries /
|c Atish Ghosh, Jonathan Ostry.
|
| 264 |
|
1 |
|a Washington, D.C. :
|b International Monetary Fund,
|c 1994.
|
| 300 |
|
|
|a 1 online resource (30 pages)
|
| 490 |
1 |
|
|a IMF Working Papers
|
| 500 |
|
|
|a <strong>Off-Campus Access:</strong> No User ID or Password Required
|
| 500 |
|
|
|a <strong>On-Campus Access:</strong> No User ID or Password Required
|
| 506 |
|
|
|a Electronic access restricted to authorized BRAC University faculty, staff and students
|
| 520 |
3 |
|
|a Uncertainty about the export earnings accruing to a country (sometimes referred to as export instability) is an important source of macroeconomic uncertainty in many developing countries. Theory predicts that countries should react to increases in this form of uncertainty by increasing their level of savings. The resulting asset accumulations would then act as the country's insurance against the greater riskiness in its income stream. The paper tests this implication for a large sample of developing countries. In general, the results suggest that developing countries have indeed responded to increases in export instability by building up precautionary savings balances.
|
| 538 |
|
|
|a Mode of access: Internet
|
| 700 |
1 |
|
|a Ostry, Jonathan.
|
| 830 |
|
0 |
|a IMF Working Papers; Working Paper ;
|v No. 1994/008
|
| 856 |
4 |
0 |
|z Full text available on IMF
|u http://elibrary.imf.org/view/journals/001/1994/008/001.1994.issue-008-en.xml
|z IMF e-Library
|